00707nam a22002297a 450000500170000001000130001702000260003003500130005603700160006904000120008508200180009710000240011524501100013926000440024927000500029330000260034350000200036965000230038965000260041270000180043870000210045620170124110227.0 aB-126355 c195.00a9788120324404 aB-126355 bCen Lib/Ret aDPLbEN a620.0042bSID aSiddiquee, Arshad N aEngineering drawing with a primer on AutoCAD /cby Arshad N. Siddiquee, Zahid A. Khan [and] Mukhtar Ahmad aNew DelhibPrentice Hall of Indiac2004 aM-97, Connaught Circus bNew Delhie110001 axii,312p. c23cm(pbk) aIncludes index  aMechanical drawing aComputer-aided design aKhan, Zahid A aAhmad, Mukhtar